000 00515nam a2200193Ia 4500
005 20250423095307.0
008 250422s9999 xx 000 0 und d
020 _a9788174766113
050 _aTA 183 .D88/
100 _aDutta, B.N.
245 0 _aEstimating and costing in civil engineering: theory and practice
250 _a26th ed.
260 _aNew Delhi
260 _bUBS publishers distributors Pvt.Ltd.
260 _c2011
300 _a904 p
650 _a Engineering--Estimates.
942 _cBK
999 _c29833
_d29833